000
00218nam a22000857a 4500
008
170216b xxu||||| |||| 00| 0 eng d
100
_9
2893
_a
Wason.V
245
_a
Financial Statements XII
260
_a
New Delhi
_b
S.Chand
_c
2012
999
_c
6122
_d
6122